000 00544cam a22002291 4500
001 sa 65000563
003 DLC
005 20260227112103.0
008 940602s1963 ii a 000 1 beno
010 _asa 65000563
025 _aPL480:EP-B-601
035 _a(OCoLC)30538526
040 _aDLC
_cCU
_dCU
_dDLC
042 _apremarc
050 0 0 _aPK1718.R225
_bD7
100 1 _aRahman, Abdur,
_d1924-
245 1 0 _aDr̥shṭi.
260 _c[1963]
300 _a143 p.
_bill.
_c23 cm.
500 _aIn Bengali.
500 _aShort stories.
999 _c61609
_d61609